MARC

LEADER 00000nam0a2200000 4500
001 277221
005 20231101235009.0
020 |a RU  |b 86-14519 
035 |a (RuTPU)RU\TPU\book\300494 
090 |a 277221 
100 |a 20141201d1986 k y0rusy5003 ca 
101 0 |a rus 
102 |a RU 
105 |a y z 001zy 
200 1 |a Автоматизация и управление системами водоснабжения и водоотведения  |e сборник научных трудов  |f Всесоюзный научно-исследовательский институт водоснабжения, канализации, гидротехнических сооружений и инженерной гидрогеологии (НИИ ВОДГЕО, ВНИИводгео) 
210 |a Москва  |c Изд-во ВНИИ ВОДГЕО  |d 1986 
215 |a 132 с. 
225 1 |a Труды института ВОДГЕО 
320 |a Библиогр. в конце статей 
606 1 |a Водопроводно-канализационное хозяйство  |2 stltpush  |3 (RuTPU)RU\TPU\subj\2912  |9 31409 
610 1 |a водопроводные сооружения 
610 1 |a канализационные сооружения 
610 1 |a автоматизация 
610 1 |a сточные воды 
610 1 |a очистка 
610 1 |a САУ 
610 1 |a системы автоматического управления 
610 1 |a автоматизированное проектирование 
675 |a 628.1/.2  |z rus  |v 4 
712 0 2 |a Всесоюзный научно-исследовательский институт водоснабжения, канализации, гидротехнических сооружений и инженерной гидрогеологии (НИИ ВОДГЕО, ВНИИводгео)  |c (Москва)  |2 stltpush  |3 (RuTPU)RU\TPU\col\4603 
801 0 |a RU  |b RuMRKP  |c 19950704  |g psbo 
801 1 |a RU  |b 63413507  |c 20141201 
801 2 |a RU  |b 63413507  |c 20170405  |g RCR 
942 |c BK